Digital telephony (Record no. 3592)

000 -LEADER
fixed length control field 00571nam a2200217 a 4500
001 - CONTROL NUMBER
control field 3592
003 - CONTROL NUMBER IDENTIFIER
control field BD-DhUET
008 - FIXED-LENGTH DATA ELEMENTS--GENERAL INFORMATION
fixed length control field 900501s1991 nyua b 001 0 eng
020 ## - INTERNATIONAL STANDARD BOOK NUMBER
International Standard Book Number 0471620564
040 ## - CATALOGING SOURCE
Original cataloging agency DLC
Transcribing agency DLC
Modifying agency BD-DhUET
082 ## - DEWEY DECIMAL CLASSIFICATION NUMBER
Classification number 623.85
Item number BEL/1991
100 ## - MAIN ENTRY--PERSONAL NAME
Personal name Bellamy, John
245 10 - TITLE STATEMENT
Title Digital telephony
250 ## - EDITION STATEMENT
Edition statement 2nd ed.
260 ## - PUBLICATION, DISTRIBUTION, ETC. (IMPRINT)
Place of publication, distribution, etc. New York
Name of publisher, distributor, etc. John wiley & sons
Date of publication, distribution, etc. 1991
300 ## - PHYSICAL DESCRIPTION
Extent xix, 572 p.
Other physical details ill.
Dimensions 25 cm.
490 ## - SERIES STATEMENT
Series statement Wiley Series in telecommunications
504 ## - BIBLIOGRAPHY, ETC. NOTE
Bibliography, etc Includes bibliographies
650 #0 - SUBJECT ADDED ENTRY--TOPICAL TERM
Topical term or geographic name as entry element Digital telephony
942 ## - ADDED ENTRY ELEMENTS (KOHA)
Koha item type General Book
Holdings
Copy number Koha date last seen Withdrawn status Lost status Location (home branch) Date acquired Koha normalized classification for sorting Sublocation or collection (holding branch) Source of classification or shelving scheme Shelving location Koha item type Koha full call number Damaged status Price effective from Koha issues (times borrowed) Not for loan Koha date last borrowed Piece designation (barcode)
12016-02-06  Central Library, BUET2014-11-02623_000000000000000_85BEL1991Central Library, BUET Circulation sectionGeneral Book623.85/BEL/1991 2014-11-022 2015-10-1083618
22017-08-26  Central Library, BUET2014-11-02623_000000000000000_85BEL1991Central Library, BUET Circulation sectionGeneral Book623.85/BEL/1991 2014-11-02   83620
32017-08-16  Central Library, BUET2014-11-02623_000000000000000_85BEL1991Central Library, BUET Circulation sectionGeneral Book623.85/BEL/1991 2014-11-02   83623
42024-02-20  Central Library, BUET2014-11-02623_850000000000000_BEL_1991Central Library, BUET Circulation sectionGeneral Book623.85/BEL/1991 2014-11-022 2023-03-0786339
52015-07-01  Central Library, BUET2015-07-01623_850000000000000_BEL_1991Central Library, BUET Reading sectionReading Item623.85/BEL/1991 2015-07-01   87594
ক-১2024-12-09  Central Library, BUET1992-06-06623_850000000000000_BEL_1991Central Library, BUET Rental sectionRental Item623.85 BEL/1991 2024-12-09   83563
ক-২2024-12-09  Central Library, BUET1992-06-06623_850000000000000_BEL_1991Central Library, BUET Rental sectionRental Item623.85 BEL/1991 2024-12-09   83564
ক-৩2024-12-09  Central Library, BUET1992-06-06623_850000000000000_BEL_1991Central Library, BUET Rental sectionRental Item623.85 BEL/1991 2024-12-09   83565
ক-৪2024-12-09  Central Library, BUET1992-06-06623_850000000000000_BEL_1991Central Library, BUET Rental sectionRental Item623.85 BEL/1991 2024-12-09   83566
ক-৫2024-12-09  Central Library, BUET1992-06-06623_850000000000000_BEL_1991Central Library, BUET Rental sectionRental Item623.85 BEL/1991 2024-12-09   83567
ক-৬2024-12-09  Central Library, BUET1992-06-06623_850000000000000_BEL_1991Central Library, BUET Rental sectionRental Item623.85 BEL/1991 2024-12-09   83568
ক-৭2024-12-09  Central Library, BUET1992-06-06623_850000000000000_BEL_1991Central Library, BUET Rental sectionRental Item623.85 BEL/1991 2024-12-09   83569
ক-৮2024-12-09  Central Library, BUET1992-06-06623_850000000000000_BEL_1991Central Library, BUET Rental sectionRental Item623.85 BEL/1991 2024-12-09   83570
ক-৯2024-12-09  Central Library, BUET1992-06-06623_850000000000000_BEL_1991Central Library, BUET Rental sectionRental Item623.85 BEL/1991 2024-12-09   83571
ক-১০2024-12-09  Central Library, BUET1992-06-06623_850000000000000_BEL_1991Central Library, BUET Rental sectionRental Item623.85 BEL/1991 2024-12-09   83572
ক-১১2024-12-09  Central Library, BUET1992-06-06623_850000000000000_BEL_1991Central Library, BUET Rental sectionRental Item623.85 BEL/1991 2024-12-09   83573
ক-১২2024-12-09  Central Library, BUET1992-06-06623_850000000000000_BEL_1991Central Library, BUET Rental sectionRental Item623.85 BEL/1991 2024-12-09   83574
ক-১৩2024-12-09  Central Library, BUET1992-06-06623_850000000000000_BEL_1991Central Library, BUET Rental sectionRental Item623.85 BEL/1991 2024-12-09   83575
ক-১৪2024-12-09  Central Library, BUET1992-06-06623_850000000000000_BEL_1991Central Library, BUET Rental sectionRental Item623.85 BEL/1991 2024-12-09   83576
ক-১৫2024-12-09  Central Library, BUET1992-06-06623_850000000000000_BEL_1991Central Library, BUET Rental sectionRental Item623.85 BEL/1991 2024-12-09   83577